<?xml version="1.0" encoding="UTF-8"?>
<record
    xmlns:xsi="http://www.w3.org/2001/XMLSchema-instance"
    xsi:schemaLocation="http://www.loc.gov/MARC21/slim http://www.loc.gov/standards/marcxml/schema/MARC21slim.xsd"
    xmlns="http://www.loc.gov/MARC21/slim">

  <leader>00891nam a2200181 a 4500</leader>
  <controlfield tag="001">000031315</controlfield>
  <controlfield tag="005">20200930062838.0</controlfield>
  <controlfield tag="008">110617s2000    dr            000 0 spa d</controlfield>
  <datafield tag="040" ind1=" " ind2=" ">
    <subfield code="a">DO-SdBNP</subfield>
    <subfield code="b">spa</subfield>
    <subfield code="c">BNPHU</subfield>
  </datafield>
  <datafield tag="082" ind1=" " ind2=" ">
    <subfield code="a">xxxx</subfield>
  </datafield>
  <datafield tag="110" ind1="2" ind2=" ">
    <subfield code="a">Iglesia Cat&#xF3;lica.</subfield>
    <subfield code="b">Plan Nacional de Pastoral.</subfield>
    <subfield code="n">(2do :</subfield>
    <subfield code="d">2000, abr.- mar.</subfield>
    <subfield code="c">Santo Domingo)</subfield>
    <subfield code="9">57765</subfield>
  </datafield>
  <datafield tag="245" ind1="1" ind2="0">
    <subfield code="a">Plan Nacional de Pastoral :</subfield>
    <subfield code="b">Cuaresma 2000.</subfield>
  </datafield>
  <datafield tag="260" ind1=" " ind2=" ">
    <subfield code="a">Santo Domingo :</subfield>
    <subfield code="b">Instituto Nacional de Pastoral,</subfield>
    <subfield code="c">2000.</subfield>
  </datafield>
  <datafield tag="300" ind1=" " ind2=" ">
    <subfield code="a">127 p. ;</subfield>
    <subfield code="c">22 cm.</subfield>
  </datafield>
  <datafield tag="500" ind1=" " ind2=" ">
    <subfield code="a">A&#xF1;o Santo 2000, encarnaci&#xF3;n, trinidad, eucarist&#xED;a</subfield>
  </datafield>
  <datafield tag="505" ind1="0" ind2=" ">
    <subfield code="t">5 domingo de cuaresma --</subfield>
    <subfield code="t">5 asambleas cuaresmales --</subfield>
    <subfield code="t">5 adoraciones eucar&#xED;sticas --</subfield>
    <subfield code="t">Retiro para grupos y comunidades --</subfield>
    <subfield code="t">Retiro para ni&#xF1;os y adolescentes --</subfield>
    <subfield code="t">Los siete dolores de la virgen --</subfield>
    <subfield code="t">Adoraci&#xF3;n para jueves santo --</subfield>
    <subfield code="t">Peregrinaci&#xF3;n penitencial --</subfield>
    <subfield code="t">Acto penitencial --</subfield>
    <subfield code="t">Viacrucis</subfield>
  </datafield>
  <datafield tag="049" ind1=" " ind2=" ">
    <subfield code="a">BNPD</subfield>
  </datafield>
  <datafield tag="952" ind1=" " ind2=" ">
    <subfield code="0">0</subfield>
    <subfield code="1">0</subfield>
    <subfield code="7">-1</subfield>
    <subfield code="8">PD</subfield>
    <subfield code="a">PD</subfield>
    <subfield code="b">PD</subfield>
    <subfield code="c">OI</subfield>
    <subfield code="d">2011-06-17</subfield>
    <subfield code="i">LF1</subfield>
    <subfield code="l">0</subfield>
    <subfield code="o">xxxx </subfield>
    <subfield code="p">31315-10</subfield>
    <subfield code="r">2020-06-25</subfield>
    <subfield code="w">2020-06-25</subfield>
    <subfield code="y">LFPD</subfield>
    <subfield code="Z">No se presta</subfield>
  </datafield>
  <datafield tag="999" ind1=" " ind2=" ">
    <subfield code="c">30807</subfield>
    <subfield code="d">30807</subfield>
  </datafield>
</record>
